[Event "GER-ch Seniors 65+ 30th"]
[Site "Hamburg"]
[Date "2018.07.26"]
[Round "6"]
[White "Gensch, Manfred"]
[Black "Schmidt, Gerhard2222"]
[Result "1-0"]
[WhiteElo "1848"]
[BlackElo "1732"]
[PlyCount "113"]
[EventDate "2018.07.21"]
[EventType "swiss"]
[EventRounds "9"]
[EventCountry "GER"]
[SourceTitle "EXT 2020"]
[Source "ChessBase"]
[SourceDate "2019.10.17"]
[SourceVersion "1"]
[SourceVersionDate "2019.10.17"]
[SourceQuality "1"]

1. e4 e5 2. Nf3 Nc6 3. Bb5 d6 4. d4 Bd7 5. Nc3 Nf6 6. 0-0 Be7 7. Re1 0-0 8. Bxc6 Bxc6 9. dxe5 dxe5 10. Qxd8 Raxd8 11. Nxe5 Bxe4 12. Nxe4 Nxe4 13. Nd3 f5 14. f3 Bc5+ 15. Kf1 Bd6 16. fxe4 fxe4+ 17. Nf2 Bxh2 18. Be3 Bg3 19. Re2 Rd5 20. Kg1 Rh5 21. Nh3 h6 22. Bf2 Be5 23. Rxe4 b6 24. c3 Bd6 25. Rae1 g5 26. b4 Kh7 27. R1e3 a5 28. g4 Rxh3 29. Rxh3 axb4 30. cxb4 Bf4 31. Re6 Rd8 32. Rexh6+ Kg7 33. Rh7+ Kf6 34. R3h6+ Ke5 35. Kg2 Kd5 36. Re7 Kc4 37. Re4+ Kb5 38. Rh3 Rd2 39. a3 Ra2 40. Rxf4 gxf4 41. g5 c5 42. g6 cxb4 43. axb4 Ra8 44. g7 Rg8 45. Bd4 Rd8 46. Bc3 Re8 47. Rh8 Re2+ 48. Kf1 Re3 49. Be1 Rf3+ 50. Kg2 Re3 51. Bf2 Re2 52. g8Q Kxb4 53. Rh4 Kc3 54. Rxf4 b5 55. Rf3+ Kb2 56. Qb3+ Kc1 57. Rc3+ 1-0

[Event "GER-ch Seniors 65"]
[Site "Hamburg"]
[Date "2018.07.24"]
[Round "4"]
[White "Gensch, Manfred"]
[Black "Sauer, Helmut"]
[Result "1-0"]
[WhiteElo "1848"]
[BlackElo "1726"]
[PlyCount "103"]
[EventDate "2018.07.21"]
[EventType "swiss"]
[EventRounds "9"]
[EventCountry "GER"]
[SourceTitle "CBM 186 Extra"]
[Source "ChessBase"]
[SourceDate "2018.08.24"]
[SourceVersion "1"]
[SourceVersionDate "2018.08.24"]
[SourceQuality "1"]

1. e4 c5 2. c3 d5 3. exd5 Qxd5 4. d4 e6 5. Nf3 Nc6 6. Be3 b6 7. Na3 cxd4 8. Nb5 Qd8 9. Nbxd4 Nxd4 10. Nxd4 Bd7 11. Qf3 Nf6 12. Bg5 Be7 13. Nc6 Qc8 14. Nxe7 Kxe7 15. Bd3 h6 16. Bxf6+ gxf6 17. Be4 Rb8 18. Qe3 Qa6 19. a3 Rbc8 20. Qf3 Qb5 21. 0-0-0 Qg5+ 22. Kb1 f5 23. Qd3 fxe4 24. Qxd7+ Kf6 25. Qd4+ Qe5 26. Rhe1 Qxd4 27. Rxd4 Rhg8 28. g3 Rcd8 29. Rexe4 Rxd4 30. Rxd4 Ke7 31. Kc2 Rg5 32. Rc4 Kd7 33. Ra4 a5 34. Rd4+ Rd5 35. Rh4 h5 36. Rf4 f5 37. Rh4 f4 38. Rxf4 Rf5 39. Rxf5 exf5 40. Kd3 Kd6 41. Kd4 b5 42. b3 a4 43. bxa4 bxa4 44. c4 Kc6 45. c5 Kd7 46. Kd5 Kc7 47. f4 Kd7 48. c6+ Kc7 49. Kc5 Kc8 50. Kd6 Kd8 51. h3 Kc8 52. c7 1-0

[Event "Sachsen-ch Seniors op"]
[Site "Dresden"]
[Date "2016.11.04"]
[Round "5"]
[White "Gensch, Manfred"]
[Black "Siegmund, Rainer"]
[Result "0-1"]
[WhiteElo "1786"]
[BlackElo "2090"]
[PlyCount "74"]
[EventDate "2016.10.31"]
[EventType "swiss"]
[EventRounds "9"]
[EventCountry "GER"]
[SourceTitle "EXT 2019"]
[Source "ChessBase"]
[SourceDate "2018.10.10"]
[SourceVersion "1"]
[SourceVersionDate "2018.10.10"]
[SourceQuality "1"]

1. e4 c5 2. c3 Nf6 3. e5 Nd5 4. Nf3 Nc6 5. d4 cxd4 6. cxd4 d6 7. Bc4 e6 8. 0-0 Be7 9. Nc3 Nxc3 10. bxc3 dxe5 11. Nxe5 Nxe5 12. dxe5 Qa5 13. Qd3 0-0 14. Qg3 Rd8 15. Bh6 g6 16. h4 Bd7 17. h5 Rac8 18. hxg6 hxg6 19. Bb3 Qxc3 20. Qf4 Qb4 21. Qe3 a5 22. Rab1 Qh4 23. g3 Qh3 24. Rbc1 Bc6 25. Rxc6 Rxc6 26. Bd1 Rdc8 27. Be2 Rc3 28. Qf4 Qf5 29. Qd4 Qc2 30. Rc1 Qb2 31. Rxc3 Qxc3 32. Qd7 Qc7 33. Qd4 Qc5 34. Qf4 Qb4 35. Kg2 Qxf4 36. Bxf4 Rc2 37. Bc4 Rxc4 0-1

[Event "Sachsen-ch Seniors op"]
[Site "Dresden"]
[Date "2016.11.02"]
[Round "3"]
[White "Wraga, Hermann"]
[Black "Gensch, Manfred"]
[Result "0-1"]
[WhiteElo "1675"]
[BlackElo "1786"]
[PlyCount "72"]
[EventDate "2016.10.31"]
[EventType "swiss"]
[EventRounds "9"]
[EventCountry "GER"]
[SourceTitle "EXT 2019"]
[Source "ChessBase"]
[SourceDate "2018.10.10"]
[SourceVersion "1"]
[SourceVersionDate "2018.10.10"]
[SourceQuality "1"]

1. Nf3 Nf6 2. g3 d5 3. d3 e6 4. Bg2 Bc5 5. 0-0 c6 6. Nc3 0-0 7. d4 Bd6 8. Re1 Ne4 9. Nxe4 dxe4 10. Nd2 f5 11. e3 Nd7 12. a3 Nf6 13. c4 Kh8 14. Nf1 b6 15. Bd2 Qe7 16. Rb1 Ba6 17. Qa4 Qb7 18. Rec1 Rab8 19. b4 b5 20. Qd1 bxc4 21. Bc3 Nd5 22. Nd2 Qe7 23. Bf1 Qg5 24. Bg2 h5 25. h4 Qh6 26. Kh1 g5 27. Nf1 gxh4 28. gxh4 Rg8 29. Qe1 Qg6 30. Ng3 Qg4 31. Kg1 Qxh4 32. Qe2 Bxg3 33. fxg3 Nxc3 34. Rxc3 Rxg3 35. Rf1 Rbg8 36. Rf2 Qh3 0-1

[Event "GER-chB Seniors 28th"]
[Site "Niederhausen"]
[Date "2016.08.20"]
[Round "8"]
[White "Babichev, Vyacheslav"]
[Black "Gensch, Manfred"]
[Result "1-0"]
[WhiteElo "1830"]
[BlackElo "1787"]
[PlyCount "98"]
[EventDate "2016.08.13"]
[EventType "swiss"]
[EventRounds "9"]
[EventCountry "GER"]
[SourceTitle "EXT 2019"]
[Source "ChessBase"]
[SourceDate "2018.10.10"]
[SourceVersion "1"]
[SourceVersionDate "2018.10.10"]
[SourceQuality "1"]

1. Nf3 Nf6 2. g3 e6 3. Bg2 d5 4. d4 c5 5. c3 b6 6. 0-0 Be7 7. Nbd2 0-0 8. Ne5 Bb7 9. e3 Nbd7 10. Ndf3 Rc8 11. Qa4 Qc7 12. Re1 a6 13. Bd2 b5 14. Qc2 Nb6 15. Rad1 Ne4 16. Bc1 cxd4 17. exd4 b4 18. Bf4 g5 19. Bc1 bxc3 20. b3 g4 21. Nxg4 f5 22. Nge5 Qd8 23. Bh6 Rf6 24. Bf4 h6 25. Nh4 Qe8 26. f3 Ng5 27. Rd3 Bb4 28. Rde3 a5 29. Nd3 Ba6 30. Be5 Rf8 31. Nf4 Bb5 32. a3 Bxa3 33. Rxc3 Rxc3 34. Qxc3 Bb4 35. Qc7 Rf7 36. Qxb6 Bxe1 37. Nhg6 a4 38. bxa4 Bxa4 39. h4 Nxf3+ 40. Bxf3 Bxg3 41. Kg2 Bxf4 42. Nxf4 Re7 43. Bh5 Qc8 44. Qb4 Ra7 45. Qe1 Qc2+ 46. Be2 Qe4+ 47. Kf2 Be8 48. Qc1 Bd7 49. Qc5 Be8 1-0

[Event "Miedzyzdroje OB Seniors 24th"]
[Site "Miedzyzdroje"]
[Date "2016.06.24"]
[Round "8"]
[White "Gensch, Manfred"]
[Black "Mrozewicz, Ryszard"]
[Result "1-0"]
[WhiteElo "1778"]
[BlackElo "1690"]
[PlyCount "21"]
[EventDate "2016.06.17"]
[EventType "swiss"]
[EventRounds "9"]
[EventCountry "POL"]
[SourceTitle "EXT 2019"]
[Source "ChessBase"]
[SourceDate "2018.10.10"]
[SourceVersion "1"]
[SourceVersionDate "2018.10.10"]
[SourceQuality "1"]

1. e4 d5 2. exd5 Qxd5 3. Nc3 Qa5 4. d4 Nf6 5. Nf3 Bf5 6. Bc4 e6 7. 0-0 c6 8. Bf4 b5 9. Bb3 b4 10. Ne2 Nbd7 11. Ng3 1-0

[Event "Miedzyzdroje OB Seniors 24th"]
[Site "Miedzyzdroje"]
[Date "2016.06.21"]
[Round "5"]
[White "Santura, Janusz"]
[Black "Gensch, Manfred"]
[Result "1/2-1/2"]
[WhiteElo "1701"]
[BlackElo "1778"]
[PlyCount "39"]
[EventDate "2016.06.17"]
[EventType "swiss"]
[EventRounds "9"]
[EventCountry "POL"]
[SourceTitle "EXT 2019"]
[Source "ChessBase"]
[SourceDate "2018.10.10"]
[SourceVersion "1"]
[SourceVersionDate "2018.10.10"]
[SourceQuality "1"]

1. d4 Nf6 2. Nf3 e6 3. Bg5 h6 4. Bh4 c5 5. Nbd2 cxd4 6. Nxd4 Be7 7. e3 0-0 8. Be2 Nc6 9. 0-0 Nxd4 10. exd4 d5 11. Nf3 Qb6 12. Rb1 Bd7 13. Ne5 Bb5 14. c3 Bxe2 15. Qxe2 Rad8 16. Rfe1 a6 17. f4 Qd6 18. Bxf6 Bxf6 19. Qf3 Bxe5 20. fxe5 1/2-1/2

[Event "Miedzyzdroje OB Seniors 24th"]
[Site "Miedzyzdroje"]
[Date "2016.06.19"]
[Round "3"]
[White "Nuenchert, Reinhard"]
[Black "Gensch, Manfred"]
[Result "1-0"]
[WhiteElo "1957"]
[BlackElo "1778"]
[PlyCount "49"]
[EventDate "2016.06.17"]
[EventType "swiss"]
[EventRounds "9"]
[EventCountry "POL"]
[SourceTitle "EXT 2019"]
[Source "ChessBase"]
[SourceDate "2018.10.10"]
[SourceVersion "1"]
[SourceVersionDate "2018.10.10"]
[SourceQuality "1"]

1. d4 Nf6 2. c4 d6 3. Nc3 g6 4. e4 Nbd7 5. Nf3 Bg7 6. Be2 0-0 7. 0-0 e5 8. dxe5 dxe5 9. Qc2 c6 10. Rd1 Qc7 11. b3 Nc5 12. Ba3 b6 13. Ne1 Nfd7 14. Nd3 f6 15. Nxc5 Nxc5 16. Bf3 Rf7 17. Bxc5 bxc5 18. Na4 a5 19. Nxc5 Qe7 20. Na4 Ra6 21. Rd3 g5 22. g3 g4 23. Bg2 f5 24. Rad1 c5 25. f3 1-0

[Event "Miedzyzdroje OB Seniors 24th"]
[Site "Miedzyzdroje"]
[Date "2016.06.17"]
[Round "1"]
[White "Hecht, Hans Joachim"]
[Black "Gensch, Manfred"]
[Result "1-0"]
[WhiteElo "2329"]
[BlackElo "1778"]
[PlyCount "59"]
[EventDate "2016.06.17"]
[EventType "swiss"]
[EventRounds "9"]
[EventCountry "POL"]
[SourceTitle "EXT 2019"]
[Source "ChessBase"]
[SourceDate "2018.10.10"]
[SourceVersion "1"]
[SourceVersionDate "2018.10.10"]
[SourceQuality "1"]

1. d4 Nf6 2. c4 e6 3. Nf3 b6 4. a3 d5 5. Nc3 Bb7 6. cxd5 Nxd5 7. e3 Be7 8. Bd3 0-0 9. 0-0 Ba6 10. Bxa6 Nxa6 11. e4 Nxc3 12. bxc3 Bf6 13. Be3 Qc8 14. Qe2 Qb7 15. e5 Be7 16. Bg5 Bxg5 17. Nxg5 c5 18. Qd3 g6 19. Qh3 h5 20. Rac1 cxd4 21. cxd4 Nc7 22. Ne4 Nd5 23. Nd6 Qe7 24. Qg3 h4 25. Qg4 Kg7 26. f4 Kh7 27. f5 gxf5 28. Nxf5 exf5 29. Rxf5 Nf6 30. Qxh4+ 1-0

[Event "Miedzyzdroje OB Seniors 23rd"]
[Site "Miedzyzdroje"]
[Date "2015.06.17"]
[Round "1"]
[White "Gensch, Manfred"]
[Black "Baumbach, Friedrich"]
[Result "0-1"]
[WhiteElo "1821"]
[BlackElo "2213"]
[PlyCount "129"]
[EventDate "2015.06.17"]
[EventType "swiss"]
[EventRounds "8"]
[EventCountry "POL"]
[SourceTitle "EXT 2018"]
[Source "ChessBase"]
[SourceDate "2017.10.13"]
[SourceVersion "1"]
[SourceVersionDate "2017.10.13"]
[SourceQuality "1"]

1. e4 c5 2. Nf3 Nc6 3. d4 cxd4 4. Nxd4 g6 5. Nc3 Bg7 6. Be3 Nf6 7. Bc4 Qa5 8. 0-0 0-0 9. Bb3 d6 10. h3 Bd7 11. f4 Nxd4 12. Bxd4 Bc6 13. Qd3 Nd7 14. Bxg7 Kxg7 15. Qd4+ Kg8 16. Nd5 Bxd5 17. Bxd5 Rac8 18. c3 Qc5 19. Bb3 b5 20. Rae1 b4 21. Rf3 bxc3 22. Qxc5 Rxc5 23. bxc3 Rfc8 24. Ree3 Ra5 25. h4 Rb8 26. f5 Ne5 27. Rg3 Kg7 28. fxg6 hxg6 29. h5 Rh8 30. hxg6 fxg6 31. Rh3 Rf8 32. Rh4 Rh8 33. Rxh8 Kxh8 34. Rg3 Kg7 35. Kf1 Nd7 36. Ke2 Re5 37. Re3 Rg5 38. Kf1 Rg4 39. Be6 Rf4+ 40. Rf3 Rxf3+ 41. gxf3 Nc5 42. Bb3 Kf6 43. Ke2 Ke5 44. Ke3 g5 45. Bd1 a5 46. Be2 Na4 47. Kd2 Kf4 48. Bd1 Nc5 49. Be2 Nd7 50. Kd3 Ne5+ 51. Kd4 Nxf3+ 52. Kd5 g4 53. c4 Ke3 54. Bxf3 gxf3 55. e5 f2 56. exd6 exd6 57. Kxd6 f1Q 58. c5 Qf5 59. c6 Kd4 60. c7 a4 61. a3 Kc4 62. Kc6 Kb3 63. Kb7 Kxa3 64. c8Q Qxc8+ 65. Kxc8 0-1

[Event "GER-chA Seniors 26th"]
[Site "Bad Neuenahr"]
[Date "2014.08.12"]
[Round "8"]
[White "Fugmann, Bernd"]
[Black "Gensch, Manfred"]
[Result "1-0"]
[WhiteElo "1991"]
[BlackElo "1830"]
[PlyCount "71"]
[EventDate "2014.08.05"]
[EventType "swiss"]
[EventRounds "9"]
[EventCountry "GER"]
[SourceTitle "EXT 2018"]
[Source "ChessBase"]
[SourceDate "2017.10.13"]
[SourceVersion "1"]
[SourceVersionDate "2017.10.13"]
[SourceQuality "1"]

1. e4 c5 2. Nc3 Nc6 3. f4 g6 4. Nf3 Bg7 5. Bb5 d6 6. Bxc6+ bxc6 7. 0-0 Qa5 8. Qe1 Nh6 9. d3 Rb8 10. Bd2 Qb6 11. Rb1 0-0 12. Qh4 f6 13. h3 Nf7 14. Qg3 f5 15. Nd1 Bd7 16. Nh4 e6 17. Bc3 c4+ 18. Kh2 cxd3 19. cxd3 Qa6 20. Bxg7 Kxg7 21. Nc3 Rb6 22. Qe3 Qb7 23. b3 Nh6 24. Qd4+ Kf7 25. Qxd6 Rc8 26. Na4 Rb5 27. Nc5 Rxc5 28. Qxc5 Qa6 29. Qd6 Rd8 30. Nf3 Ke8 31. Ne5 Bc8 32. Qc7 Qb7 33. Qa5 fxe4 34. dxe4 Rd4 35. Rbd1 Rxe4 36. Qd8# 1-0

[Event "GER-chA Seniors 26th"]
[Site "Bad Neuenahr"]
[Date "2014.08.05"]
[Round "1"]
[White "Gensch, Manfred"]
[Black "Geisensetter, Franz"]
[Result "0-1"]
[WhiteElo "1830"]
[BlackElo "2077"]
[PlyCount "76"]
[EventDate "2014.08.05"]
[EventType "swiss"]
[EventRounds "9"]
[EventCountry "GER"]
[SourceTitle "EXT 2018"]
[Source "ChessBase"]
[SourceDate "2017.10.13"]
[SourceVersion "1"]
[SourceVersionDate "2017.10.13"]
[SourceQuality "1"]

1. e4 d5 2. exd5 Qxd5 3. Nc3 Qa5 4. d4 c6 5. Nf3 Bf5 6. Bc4 Nf6 7. Bd2 Qc7 8. h3 b5 9. Bb3 b4 10. Ne2 e6 11. c4 Be7 12. Bf4 Bd6 13. Bxd6 Qxd6 14. Ne5 0-0 15. c5 Qc7 16. Ng3 Nbd7 17. f4 Rad8 18. Nxf5 exf5 19. Rc1 Nxe5 20. fxe5 Nd5 21. Qf3 f6 22. e6 Qe7 23. Qxf5 g6 24. Qe4 f5 25. Qe5 Rf6 26. 0-0 Rxe6 27. Qg3 Qf6 28. Rcd1 Kg7 29. Bxd5 Rxd5 30. Qd3 Qe7 31. Qc4 a5 32. Qa6 Qc7 33. Qc4 Re4 34. Rf3 Qd7 35. Rfd3 Qe6 36. Qa6 Re2 37. Qxa5 Qe4 38. Qxb4 Qxg2# 0-1

[Event "GER-ch Seniors"]
[Site "Dresden"]
[Date "2012.08.17"]
[Round "9"]
[White "Gensch, Manfred"]
[Black "Briesemeister, Klaus"]
[Result "1/2-1/2"]
[WhiteElo "1823"]
[BlackElo "1809"]
[PlyCount "34"]
[EventDate "2012.08.09"]
[EventType "swiss"]
[EventRounds "9"]
[EventCountry "GER"]
[SourceTitle "EXT 2014"]
[Source "ChessBase"]
[SourceDate "2013.11.20"]
[SourceVersion "1"]
[SourceVersionDate "2013.11.20"]
[SourceQuality "1"]

1. e4 c6 2. d4 d5 3. Nc3 dxe4 4. Nxe4 Bf5 5. Ng3 Bg6 6. h4 h6 7. h5 Bh7 8. Bd3 Bxd3 9. Qxd3 e6 10. Nf3 Nd7 11. Bf4 Qb6 12. 0-0-0 Ngf6 13. Ne4 Nxe4 14. Qxe4 Be7 15. Rh3 Qa5 16. Kb1 0-0-0 17. Bd2 Qd5 1/2-1/2

[Event "GER-ch Seniors"]
[Site "Dresden"]
[Date "2012.08.10"]
[Round "2"]
[White "Wiebke, Elfriede"]
[Black "Gensch, Manfred"]
[Result "0-1"]
[WhiteElo "1398"]
[BlackElo "1823"]
[PlyCount "96"]
[EventDate "2012.08.09"]
[EventType "swiss"]
[EventRounds "9"]
[EventCountry "GER"]
[SourceTitle "EXT 2014"]
[Source "ChessBase"]
[SourceDate "2013.11.20"]
[SourceVersion "1"]
[SourceVersionDate "2013.11.20"]
[SourceQuality "1"]

1. e4 c5 2. Nf3 Nc6 3. Bc4 e6 4. 0-0 Be7 5. a3 d5 6. Bb5 dxe4 7. Bxc6+ bxc6 8. Ne5 Qd5 9. Ng4 Qh5 10. Nc3 f5 11. Ne5 Qxd1 12. Rxd1 Bb7 13. d3 exd3 14. Nxd3 Nf6 15. Nf4 Kf7 16. Nd3 Nd7 17. Nf4 Rhd8 18. h3 e5 19. Nfe2 Nf6 20. Bg5 h6 21. Bxf6 Kxf6 22. Ng3 g6 23. Rf1 Rd2 24. Rac1 Ke6 25. Rfe1 Ba6 26. f4 e4 27. Ngxe4 fxe4 28. Rxe4+ Kf7 29. Rce1 Bh4 30. Rc1 Rd4 31. Rxd4 cxd4 32. Ne4 Be7 33. Nf2 h5 34. Ne4 Rb8 35. b4 Bc4 36. Nd2 Bd5 37. Nf1 Rb5 38. Ng3 a5 39. f5 axb4 40. fxg6+ Kxg6 41. a4 Rc5 42. Ne2 Bg5 43. Rd1 Rxc2 44. Nxd4 Be3+ 45. Kh1 Bxd4 46. Rxd4 b3 47. Rd3 Bxg2+ 48. Kh2 Be4+ 0-1

[Event "GER Cup GrA+B Seniors 1st"]
[Site "Bad Blankenburg"]
[Date "2011.08.24"]
[Round "7"]
[White "Gensch, Manfred"]
[Black "Kaufmann, Helmut"]
[Result "0-1"]
[WhiteElo "1706"]
[BlackElo "1850"]
[PlyCount "66"]
[EventDate "2011.08.18"]
[EventType "swiss"]
[EventRounds "7"]
[EventCountry "GER"]
[SourceTitle "CBM 144 Extra"]
[Source "ChessBase"]
[SourceDate "2011.10.28"]
[SourceVersion "1"]
[SourceVersionDate "2011.10.28"]
[SourceQuality "1"]

1. e4 g6 2. d4 Bg7 3. Nc3 d6 4. Nf3 Nc6 5. Bc4 e6 6. Be3 Nce7 7. h4 h5 8. Qe2 d5 9. exd5 exd5 10. Bd3 c6 11. 0-0-0 Bg4 12. Rde1 Bf6 13. Qd2 Bxf3 14. gxf3 Qd7 15. Na4 b6 16. Kb1 0-0-0 17. Bf4 Kb7 18. Qb4 Ka8 19. Re3 Nc8 20. Ba6 Be7 21. Qb3 Nd6 22. Rhe1 Bf8 23. Be5 f6 24. Bf4 Nb7 25. Re6 Nd6 26. Nc3 Re8 27. Rxe8+ Nxe8 28. Na4 Bd6 29. Bxd6 Nxd6 30. Qe3 Nh6 31. b3 Kb8 32. a3 Kc7 33. Qe6 Nhf5 0-1

[Event "GER Cup GrA+B Seniors 1st"]
[Site "Bad Blankenburg"]
[Date "2011.08.23"]
[Round "6"]
[White "Beckel, Friedrich A"]
[Black "Gensch, Manfred"]
[Result "1-0"]
[WhiteElo "1959"]
[BlackElo "1706"]
[PlyCount "51"]
[EventDate "2011.08.18"]
[EventType "swiss"]
[EventRounds "7"]
[EventCountry "GER"]
[SourceTitle "CBM 144 Extra"]
[Source "ChessBase"]
[SourceDate "2011.10.28"]
[SourceVersion "1"]
[SourceVersionDate "2011.10.28"]
[SourceQuality "1"]

1. e4 c5 2. Nf3 Nc6 3. d4 cxd4 4. Nxd4 Nf6 5. Nc3 e5 6. Ndb5 d6 7. Na3 a6 8. Nc4 b5 9. Ne3 Bb7 10. Bd3 Be7 11. 0-0 0-0 12. a4 b4 13. Ncd5 Nd4 14. Nxf6+ Bxf6 15. Bd2 a5 16. c3 bxc3 17. Bxc3 Ne6 18. Bc2 Rc8 19. Qd2 Rc5 20. b4 axb4 21. Bxb4 Rc7 22. Bb3 Nd4 23. Bd5 Qe7 24. Bxb7 Nb3 25. Qxd6 Qxd6 26. Bxd6 1-0

[Event "GER Cup GrA+B Seniors 1st"]
[Site "Bad Blankenburg"]
[Date "2011.08.21"]
[Round "4"]
[White "Gensch, Manfred"]
[Black "Krebs, Dietmar"]
[Result "0-1"]
[WhiteElo "1706"]
[BlackElo "1966"]
[PlyCount "110"]
[EventDate "2011.08.18"]
[EventType "swiss"]
[EventRounds "7"]
[EventCountry "GER"]
[SourceTitle "CBM 144 Extra"]
[Source "ChessBase"]
[SourceDate "2011.10.28"]
[SourceVersion "1"]
[SourceVersionDate "2011.10.28"]
[SourceQuality "1"]

1. e4 c5 2. Nf3 d6 3. Bb5+ Bd7 4. Bxd7+ Qxd7 5. 0-0 Nc6 6. d4 cxd4 7. Nxd4 Nf6 8. Nc3 g6 9. Be3 Bg7 10. Rc1 0-0 11. h3 Ne5 12. b3 Rfc8 13. Nde2 b6 14. f4 Nc6 15. Nd4 Qb7 16. e5 dxe5 17. Nxc6 Qxc6 18. fxe5 Qxc3 19. Bd4 Qc6 20. exf6 exf6 21. c3 Re8 22. Rc2 f5 23. Bxg7 Kxg7 24. Qd4+ Kg8 25. Rd1 Re4 26. Qd5 Rc8 27. Qxc6 Rxc6 28. Kf2 Rc7 29. Rd5 Kg7 30. c4 Kf6 31. Rcd2 Re5 32. Rd7 Rxd7 33. Rxd7 Re7 34. Rd5 Ke6 35. Rd8 Rd7 36. Re8+ Kd6 37. Rh8 h5 38. a3 Ke5 39. Ke2 Kd4 40. Kd2 f4 41. Re8 a5 42. Rb8 Rd6 43. a4 g5 44. Rb7 f6 45. Re7 h4 46. Rf7 Ke4+ 47. Ke2 Re6 48. Rd7 f5 49. Rg7 g4 50. hxg4 fxg4 51. Rh7 f3+ 52. gxf3+ Kf4+ 53. Kf1 Kxf3 54. Rxh4 g3 55. Rh3 Re3 0-1

[Event "GER-ch Seniors 23rd"]
[Site "Halle"]
[Date "2011.08.10"]
[Round "6"]
[White "Schirmer, Werner"]
[Black "Gensch, Manfred"]
[Result "1/2-1/2"]
[WhiteElo "2033"]
[BlackElo "1844"]
[PlyCount "30"]
[EventDate "2011.08.05"]
[EventType "swiss"]
[EventRounds "9"]
[EventCountry "GER"]
[SourceTitle "CBM 144 Extra"]
[Source "ChessBase"]
[SourceDate "2011.10.28"]
[SourceVersion "1"]
[SourceVersionDate "2011.10.28"]
[SourceQuality "1"]

1. e4 b6 2. d4 Bb7 3. Bd3 e6 4. Nf3 Nf6 5. e5 Nd5 6. 0-0 Nb4 7. Be2 Be4 8. Na3 Be7 9. c3 N4c6 10. Nc4 0-0 11. Ne3 d6 12. Qa4 a6 13. Rd1 f6 14. c4 Qe8 15. Qb3 fxe5 1/2-1/2

[Event "GER-ch Seniors 23rd"]
[Site "Halle"]
[Date "2011.08.09"]
[Round "5"]
[White "Gensch, Manfred"]
[Black "Biller, Helmut"]
[Result "1/2-1/2"]
[WhiteElo "1844"]
[BlackElo "2132"]
[PlyCount "44"]
[EventDate "2011.08.05"]
[EventType "swiss"]
[EventRounds "9"]
[EventCountry "GER"]
[SourceTitle "CBM 144 Extra"]
[Source "ChessBase"]
[SourceDate "2011.10.28"]
[SourceVersion "1"]
[SourceVersionDate "2011.10.28"]
[SourceQuality "1"]

1. e4 d6 2. d4 Nf6 3. Nc3 g6 4. f4 Bg7 5. Nf3 0-0 6. Bd3 Na6 7. e5 Nd7 8. Ne4 c5 9. c3 cxd4 10. cxd4 Nb4 11. Bb1 dxe5 12. dxe5 Qb6 13. Qd4 Nc6 14. Qxb6 Nxb6 15. Bc2 Bf5 16. h3 Nb4 17. Bb1 Rac8 18. 0-0 Nc2 19. Bxc2 Rxc2 20. Nc3 Bd3 21. Re1 Rd8 22. Rd1 Rd7 1/2-1/2

[Event "GER-ch Seniors 23rd"]
[Site "Halle"]
[Date "2011.08.06"]
[Round "2"]
[White "Scholz, Werner"]
[Black "Gensch, Manfred"]
[Result "1/2-1/2"]
[WhiteElo "1729"]
[BlackElo "1844"]
[PlyCount "52"]
[EventDate "2011.08.05"]
[EventType "swiss"]
[EventRounds "9"]
[EventCountry "GER"]
[SourceTitle "CBM 144 Extra"]
[Source "ChessBase"]
[SourceDate "2011.10.28"]
[SourceVersion "1"]
[SourceVersionDate "2011.10.28"]
[SourceQuality "1"]

1. d4 Nf6 2. Nf3 g6 3. c4 Bg7 4. Nc3 d5 5. Bf4 c6 6. e3 0-0 7. Be2 Qb6 8. Qc2 Bf5 9. Qc1 Nbd7 10. c5 Qd8 11. Nh4 Ne4 12. Nxf5 gxf5 13. Nxe4 fxe4 14. Qd2 e5 15. Bg3 Qg5 16. dxe5 Nxc5 17. f4 exf3 18. gxf3 Qe7 19. Rg1 Kh8 20. Rc1 Nd7 21. f4 f6 22. Bh4 Qe8 23. exf6 Nxf6 24. Bf3 Nd7 25. Kf2 Qf7 26. Rxg7 Qxg7 1/2-1/2

[Event "GER-ch Seniors 23rd"]
[Site "Halle"]
[Date "2011.08.05"]
[Round "1"]
[White "Gensch, Manfred"]
[Black "Achenbach, Manfred"]
[Result "0-1"]
[WhiteElo "1844"]
[BlackElo "2160"]
[PlyCount "138"]
[EventDate "2011.08.05"]
[EventType "swiss"]
[EventRounds "9"]
[EventCountry "GER"]
[SourceTitle "CBM 144 Extra"]
[Source "ChessBase"]
[SourceDate "2011.10.28"]
[SourceVersion "1"]
[SourceVersionDate "2011.10.28"]
[SourceQuality "1"]

1. e4 c5 2. c3 d5 3. exd5 Qxd5 4. d4 e6 5. Nf3 Nf6 6. Be3 cxd4 7. cxd4 Bb4+ 8. Nc3 Qa5 9. Bd2 Qd8 10. Qa4+ Nc6 11. Bb5 Bxc3 12. Bxc6+ bxc6 13. Qxc6+ Bd7 14. Qxc3 Rc8 15. Qa3 Bb5 16. Bg5 Qd5 17. Qb3 Ne4 18. Qxd5 exd5 19. a4 Ba6 20. b4 Bc4 21. Be3 f6 22. Nd2 Bd3 23. Nxe4 dxe4 24. Rc1 Rxc1+ 25. Bxc1 Kd7 26. f3 Rc8 27. Kd2 f5 28. Ke3 g5 29. fxe4 Bxe4 30. Bd2 Bc2 31. a5 Ba4 32. Rc1 Re8+ 33. Kf2 Re4 34. Bxg5 Rg4 35. Be3 Re4 36. g3 Re8 37. Rc5 Rb8 38. Bd2 Ke6 39. Rc7 Bb5 40. Rxa7 Kd5 41. Rxh7 Kxd4 42. Be3+ Kc4 43. Bc5 Rd8 44. Ke3 Kd5 45. Kf4 Rg8 46. Kxf5 Bd3+ 47. Kf4 Bxh7 48. a6 Bd3 49. a7 Ba6 50. h4 Bb7 51. g4 Rh8 52. h5 Ke6 53. Ke3 Rh7 54. Kf4 Rh8 55. Kg5 Ke5 56. h6 Bf3 57. Kh5 Rd8 58. h7 Rh8 59. Kh6 Be4 60. a8Q Rxh7+ 61. Kg5 Bxa8 62. Kg6 Be4+ 63. Kg5 Rg7+ 64. Kh6 Rxg4 65. Kh5 Kf5 66. Kh6 Bd3 67. Be7 Rg6+ 68. Kh7 Ke6 69. Bc5 Kf7 0-1

[Event "GER-ch Seniors 22nd"]
[Site "Berlin"]
[Date "2010.08.20"]
[Round "5"]
[White "Gensch, Manfred"]
[Black "Kienel, Norbert"]
[Result "1/2-1/2"]
[WhiteElo "1750"]
[BlackElo "1596"]
[PlyCount "40"]
[EventDate "2010.08.16"]
[EventType "swiss"]
[EventRounds "9"]
[EventCountry "GER"]
[SourceTitle "CBM 138 Extra"]
[Source "ChessBase"]
[SourceDate "2010.10.29"]
[SourceVersion "1"]
[SourceVersionDate "2010.10.29"]
[SourceQuality "1"]

1. e4 c5 2. c3 Nc6 3. d4 cxd4 4. cxd4 e6 5. Nf3 Nf6 6. Bd3 Bb4+ 7. Bd2 0-0 8. a3 Bxd2+ 9. Qxd2 d5 10. e5 Ne4 11. Qe3 f5 12. exf6 Nxf6 13. 0-0 Ng4 14. Qe2 Qc7 15. g3 e5 16. dxe5 Ngxe5 17. Nxe5 Nxe5 18. Nd2 Bg4 19. Qe3 Rad8 20. Qd4 Bf3 1/2-1/2